| 000 | 00785nam a2200217Ia 4500 | ||
|---|---|---|---|
| 003 | GCL | ||
| 008 | 140319s9999 xx 000 0 ara d | ||
| 020 | _a1398241977 | ||
| 040 |
_aGCL / _cGCL |
||
| 082 | 0 | 4 |
_a415.1 _bع و |
| 100 | 1 | _aعبدالله احمد جادالكريم | |
| 245 | 1 | 0 |
_aالوجيز فى النحو : _bعلى شرح ابن عقيل على الفقية ابن مالك / _cعبدالله احمد جادالكريم |
| 250 | _aالاولى | ||
| 260 |
_aالقاهرة : _bمكتبة الاداب ، _c2002 |
||
| 300 |
_a206 ص ؛ _c24 سم |
||
| 650 | 0 | 4 | _aالنحو - الاسماء |
| 650 | 0 | 4 | _aاللغة العربية - الصرف |
| 650 | 0 | 4 | _aالنحو - الجملة الاسمية |
| 650 | 0 | 4 | _aالنحو - المفعول |
| 942 |
_2ddc _cBK |
||
| 999 |
_c2889 _d2889 |
||